| 000 | 01032cab a2200265 4500 | ||
|---|---|---|---|
| 001 | ABS53676 | ||
| 008 | 090401t1995 xxu||||| |||| 00| 0 eng d | ||
| 035 | _a(Sirsi) u5825 | ||
| 041 | _aeng | ||
| 100 | _aLancaster, M. | ||
| 245 | _aSetting the stage for transfers without a scene | ||
| 260 | _c1995 | ||
| 350 | _a0 | ||
| 490 |
_aInside Housing _v12(39) 6 October 1995, 14-15(2) |
||
| 520 | _aConsiders the issue of TUPE - the transfer of undertakings/protection of employment regulations - in relation to CCT. Looks at its effect on the tender process, when it can be applied, what information should be included and supplied, and the evaluation of tenders submitted on a different TUPE basis. Refers to recent case law. | ||
| 650 | _aBOTZEN V RDM | ||
| 650 | _aCOMPULSORY COMPETITIVE TENDERING | ||
| 650 | _aEMPLOYMENT PROTECTION RULES | ||
| 650 | _aR V SOS ENVIRONMENT EX P OSWESTRY DC | ||
| 650 | _aTUPE | ||
| 650 | _aWORKFORCE INFORMATION | ||
| 690 | _aBUILT ENVIRONMENT | ||
| 942 | _n0 | ||
| 948 | _c04/03/1997 | ||
| 999 |
_c3480 _d3480 |
||